¿Juega Dios a los dados? (Record no. 182539)

MARC details
000 -LEADER
campo de control de longitud fija 00943nam a2200253 i 4500
001 - NÚMERO DE CONTROL
campo de control 182539
003 - IDENTIFICADOR DE NÚMERO DE CONTROL
campo de control ES-MaACL
005 - FECHA Y HORA DE LA ÚLTIMA TRANSACCIÓN
campo de control 20231027150752.0
008 - DATOS DE LONGITUD FIJA--INFORMACIÓN GENERAL
campo de control de longitud fija 130913s2007 sp |||| | spa d
020 ## - NÚMERO INTERNACIONAL ESTÁNDAR DEL LIBRO
Número Internacional Estándar del Libro 978-84-8432-881-0
080 ## - NÚMERO DE LA CLASIFICACIÓN DECIMAL UNIVERSAL
Número de la Clasificación Decimal Universal 501
100 1# - ENTRADA PRINCIPAL--NOMBRE DE PERSONA
Nombre de persona Stewart, Ian.
9 (RLIN) 108183
245 11 - MENCIÓN DEL TÍTULO
Título ¿Juega Dios a los dados?
Resto del título : la nueva matemática del caos /
Mención de responsabilidad, etc. Ian Stewart ; [traducción castellana de la edición revisada, Javier García Sanz].
250 ## - MENCION DE EDICION
Mención de edición 1ª ed. en Drakontos Bolsillo.
260 ## - PUBLICACIÓN, DISTRIBUCIÓN, ETC.
Lugar de publicación, distribución, etc. Barcelona :
Nombre del editor, distribuidor, etc. Crítica,
Fecha de publicación, distribución, etc. 2007.
300 ## - DESCRIPCIÓN FÍSICA
Extensión 537 p. ;
Dimensiones 19 cm.
490 1# - MENCIÓN DE SERIE
Mención de serie Drakontos bolsillo ;
Designación de volumen o secuencia 14
504 ## - NOTA DE BIBLIOGRAFÍA, ETC.
Nota de bibliografía, etc. Bibliografía: p. [511]-521. Índice.
650 #4 - PUNTO DE ACCESO ADICIONAL DE MATERIA--TÉRMINO DE MATERIA
Término de materia o nombre geográfico como elemento de entrada Comportamiento caótico en sistemas.
9 (RLIN) 11180
830 0# - PUNTO DE ACCESO ADICIONAL DE SERIE-TÍTULO UNIFORME
Título uniforme Drakontos bolsillo ;
Designación de volumen o secuencia 14
9 (RLIN) 224853
852 ## - LOCALIZACIÓN
Ubicación ES-MaACL
Número de control de estantería A-12931
itemnumber 189452
Sublocalización o colección R.149813
Ubicación en estantería Depósito 1
Signatura antigua Olim: N-5931
Encuadernación Donación: Real Academia Española
942 ## - ELEMENTOS DE ENTRADA SECUNDARIOS (KOHA)
Fuente del sistema de clasificación o colocación Clasificación decimal universal
Tipo de ítem Koha Libro impreso
Holdings
Estatus retirado Estado de pérdida Fuente del sistema de clasificación o colocación Estado de daño No para préstamo Biblioteca de origen Biblioteca actual Ubicación en estantería Fecha de adquisición Fuente de adquisición Total de préstamos Signatura topográfica completa Código de barras Visto por última vez Precio de reemplazo Tipo de ítem Koha
    Clasificación decimal universal     Biblioteca del Ateneo de Madrid Biblioteca del Ateneo de Madrid Depósito 1 13/09/2013 Donación   A-12931 1191830 23/02/2023 23/02/2023 Libro impreso